Spring designer's handbook (Record no. 10646)

000 -LEADER
fixed length control field 00521nam a2200205 i 4500
001 - CONTROL NUMBER
control field 10646
003 - CONTROL NUMBER IDENTIFIER
control field BD-DhUET
008 - FIXED-LENGTH DATA ELEMENTS--GENERAL INFORMATION
fixed length control field 771215s1978 nyua 001 0 eng
020 ## - INTERNATIONAL STANDARD BOOK NUMBER
International Standard Book Number 0824766237
040 ## - CATALOGING SOURCE
Transcribing agency 0
Modifying agency BD-DhUET
082 00 - DEWEY DECIMAL CLASSIFICATION NUMBER
Classification number 621.824
Item number CAR/1978
100 ## - MAIN ENTRY--PERSONAL NAME
Personal name Carlson, Harold
245 10 - TITLE STATEMENT
Title Spring designer's handbook
250 ## - EDITION STATEMENT
Edition statement 1st ed.
260 ## - PUBLICATION, DISTRIBUTION, ETC. (IMPRINT)
Place of publication, distribution, etc. New York
Name of publisher, distributor, etc. Marcel Dekker
Date of publication, distribution, etc. 1978
300 ## - PHYSICAL DESCRIPTION
Extent xv, 350 p.
Other physical details ill.
Dimensions 24 cm.
490 1# - SERIES STATEMENT
Series statement Mechanical engineering
650 #0 - SUBJECT ADDED ENTRY--TOPICAL TERM
Topical term or geographic name as entry element Springs (Mechanism)
942 ## - ADDED ENTRY ELEMENTS (KOHA)
Koha item type General Book
Holdings
Koha date last seen Not for loan Piece designation (barcode) Sublocation or collection (holding branch) Source of classification or shelving scheme Lost status Copy number Koha normalized classification for sorting Shelving location Price effective from Koha item type Koha full call number Damaged status Withdrawn status Location (home branch) Date acquired
2015-02-09 60428Central Library, BUET  1621_824000000000000_CAR_1978Circulation section2015-02-09General Book621.824/CAR/1978  Central Library, BUET2015-02-09
2015-02-09 67526Central Library, BUET  2621_824000000000000_CAR_1978Circulation section2015-02-09General Book621.824/CAR/1978  Central Library, BUET2015-02-09